German States Quiz - Brandenburg - Statistics

General Stats
  • This quiz has been taken 21 times
  • The average score is 11 of 16
Answer Stats
Hint Answer % Correct
Brandenburg fully encloses this German state Berlin
100%
... with this river forming large portions of the border Oder
100%
Brandenburg borders this country to the East Poland
100%
Capital of Brandenburg Potsdam
100%
Between 1929 and 1932, this scientist owned a summerhouse in Brandenburg Albert Einstein
92%
Royal palace whose name translates to "no worries" Sanssouci
92%
Before the German reunification, it belonged to this country German Democratic Republic
85%
In 2022, this US-American car manufacture opened a "giga factory" in Brandenburg Tesla
85%
Minority language spoken in some parts of Brandenburg Sorbian
77%
Largest quarter of the above, particularly known for its film studios Babelsberg
62%
Large inland delta, designated biosphere reserve Spree Forest
62%
Current Minister President of Brandenburg (December 2024) Dietmar Woidke
46%
the above is particularly known for this gastronomical specialty Spreewald Gherkins
46%
Novelist and poet, known for works such as Effie Briest; born in Brandenburg Theodor Fontane
38%
Fashion designer born in 1944; his daughter Jette also pursued a career in fashion Wolfgang Joop
38%
Indoor water park located in the biggest free standing hall in the world Tropical Islands Resort
23%
No matching quizzes found
Score Distribution
Percent of People with Each Score
Percentile by Number Answered
Your Score History
You have not taken this quiz